00476nam a2200145 a 45000010005000000030005000050050017000100080041000270200015000680400020000831110049001032450112001522600039002644900027003031611CDMR20130315113523.0130130s2004||||||||||||||||||||||||||||d a8484961230 aCDMRbcatcCDMR2 aJornades Antoni VaréscGironad2004n8enes10aImatge i recercab: ponències, experiències i comunicacionscJORNADES ANTONI VARÉS (VIII:Girona:2004) aGironac2004bAjuntament de Girona0 aTextos i documentsv12